000 00805cam a2200229 a 4500
001 000009864
005 20200929161734.0
008 780213s1975 cu 000 p spa
040 _aDO-SdBNP
_bspa
_cBNPHU
082 _aCu861.4
_bY22a
100 1 _aYanes Pérez, Leoncio,
_d1908-
_924802
245 1 0 _aA la sombra de un ala /
_cLeoncio Yanes Pérez ; edición, Pilar Fuentes.
260 _aLa Habana, Cuba :
_bArte y Literatura,
_bInstituto Cubano del Libro,
_c1975.
300 _a122 p. ;
_c18 cm.
586 _aPremio Décima "Concurso 26 de Julio" Dirección Política de las Far.
650 4 _aPoesía cubana
_95226
650 4 _aLiteratura cubana
_91483
650 4 _aPoesía amorosa
_99227
700 1 2 _aFuentes, Pilar,
_eed.
_924803
910 _aValidado. Control de calidad MFF
049 _aBNGR
999 _c9623
_d9623